My life as a toasted time traveler / (Record no. 10050)

MARC details
000 -LEADER
fixed length control field 01160pam a2200349 a 4500
001 - CONTROL NUMBER
control field 10050
003 - CONTROL NUMBER IDENTIFIER
control field FISKH
005 - DATE AND TIME OF LATEST TRANSACTION
control field 20260401154040.0
008 - FIXED-LENGTH DATA ELEMENTS--GENERAL INFORMATION
fixed length control field 960213s1996 txu j 000 1 eng
010 ## - LIBRARY OF CONGRESS CONTROL NUMBER
LC control number 96010293
020 ## - INTERNATIONAL STANDARD BOOK NUMBER
International Standard Book Number 0849938678
Qualifying information pbk.
020 ## - INTERNATIONAL STANDARD BOOK NUMBER
International Standard Book Number 9780849938672
Qualifying information (pbk.)
040 ## - CATALOGING SOURCE
Original cataloging agency DLC
Transcribing agency DLC
Modifying agency DLC
Language of cataloging eng
050 00 - LIBRARY OF CONGRESS CALL NUMBER
Classification number PZ7.M98234
Item number Mym 1996
082 ## - DEWEY DECIMAL CLASSIFICATION NUMBER
Classification number 823.01
100 1# - MAIN ENTRY--PERSONAL NAME
Personal name Myers, Bill,
Dates associated with a name 1953-
245 10 - TITLE STATEMENT
Title My life as a toasted time traveler /
Statement of responsibility, etc. Bill Myers.
260 ## - PUBLICATION, DISTRIBUTION, ETC.
Place of publication, distribution, etc. Dallas :
Name of publisher, distributor, etc. Word Pub.,
Date of publication, distribution, etc. 1996.
300 ## - PHYSICAL DESCRIPTION
Extent 115 pages ;
Dimensions 20 cm.
490 1# - SERIES STATEMENT
Series statement The incredible worlds of Wally McDoogle ;
Volume/sequential designation #10
500 ## - GENERAL NOTE
General note "Word kids!"
505 ## - FORMATTED CONTENTS NOTE
Formatted contents note R<br/>
520 ## - SUMMARY, ETC.
Summary, etc. After a future version of himself travels back in time to warn Wally of an upcoming accident, he is confronted by multiple future Wallys arguing that he must not try to rewrite God's plan for his life.
521 8# - TARGET AUDIENCE NOTE
Target audience note 690<br/>
Source Lexile
521 8# - TARGET AUDIENCE NOTE
Target audience note R<br/>
Source Raz-Plus<br/>
650 #1 - SUBJECT ADDED ENTRY--TOPICAL TERM
Topical term or geographic name entry element Time travel
General subdivision Fiction.
650 #1 - SUBJECT ADDED ENTRY--TOPICAL TERM
Topical term or geographic name entry element Christian life
General subdivision Fiction.
650 #1 - SUBJECT ADDED ENTRY--TOPICAL TERM
Topical term or geographic name entry element Humorous stories.
906 ## - LOCAL DATA ELEMENT F, LDF (RLIN)
a 7
b cbc
c orignew
d 1
e ocip
f 19
g y-gencatlg
942 ## - ADDED ENTRY ELEMENTS (KOHA)
Source of classification or shelving scheme Dewey Decimal Classification
Koha item type Books
Suppress in OPAC No
Holdings
Withdrawn status Lost status Source of classification or shelving scheme Damaged status Not for loan Collection Home library Current library Shelving location Date acquired Total Checkouts Full call number Barcode Date last seen Copy number Price effective from Koha item type
    Dewey Decimal Classification     Juvenile Fiction Footprints International School Library Network Toul Tom Poung Campus Footprints International School Library Network Toul Tom Poung Campus TTP Primary Orange Bookshelves 04/01/2026   MYE 823.01 PZ7 .M98234 .M 2026-0431 04/01/2026 1 04/01/2026 Books